<?xml version="1.0" encoding="UTF-8"?>
<record
    xmlns:xsi="http://www.w3.org/2001/XMLSchema-instance"
    xsi:schemaLocation="http://www.loc.gov/MARC21/slim http://www.loc.gov/standards/marcxml/schema/MARC21slim.xsd"
    xmlns="http://www.loc.gov/MARC21/slim">

  <leader>01792nam2a22002771  4500</leader>
  <controlfield tag="001">rc\4834992</controlfield>
  <controlfield tag="005">20250612192630.0</controlfield>
  <datafield tag="035" ind1=" " ind2=" ">
    <subfield code="a">(NLR Aleph) 008806830</subfield>
  </datafield>
  <datafield tag="090" ind1=" " ind2=" ">
    <subfield code="a">8136888</subfield>
    <subfield code="c">8136888</subfield>
  </datafield>
  <datafield tag="100" ind1=" " ind2=" ">
    <subfield code="a">20130426d1958    |||y0rusy50      ca</subfield>
  </datafield>
  <datafield tag="101" ind1="1" ind2=" ">
    <subfield code="a">rus</subfield>
    <subfield code="c">eng</subfield>
  </datafield>
  <datafield tag="102" ind1=" " ind2=" ">
    <subfield code="a">RU</subfield>
  </datafield>
  <datafield tag="105" ind1=" " ind2=" ">
    <subfield code="a">y   z   |||||</subfield>
  </datafield>
  <datafield tag="200" ind1="1" ind2=" ">
    <subfield code="a">[&#x41A;&#x430;&#x43A; &#x432;&#x430;&#x43C; &#x44D;&#x442;&#x43E; &#x43F;&#x43E;&#x43D;&#x440;&#x430;&#x432;&#x438;&#x442;&#x441;&#x44F;</subfield>
    <subfield code="a">&#x417;&#x438;&#x43C;&#x43D;&#x44F;&#x44F; &#x441;&#x43A;&#x430;&#x437;&#x43A;&#x430;</subfield>
  </datafield>
  <datafield tag="210" ind1=" " ind2=" ">
    <subfield code="d">1958</subfield>
    <subfield code="a">&#x411;. &#x43C;.</subfield>
  </datafield>
  <datafield tag="215" ind1=" " ind2=" ">
    <subfield code="a">575 &#x441;.</subfield>
  </datafield>
  <datafield tag="423" ind1=" " ind2="0">
    <subfield code="1">1011#$arus$cspa</subfield>
    <subfield code="1">2001#$a&#x423;&#x447;&#x438;&#x442;&#x435;&#x43B;&#x44C; &#x442;&#x430;&#x43D;&#x446;&#x435;&#x432;]</subfield>
    <subfield code="1">700#1$a&#x41B;&#x43E;&#x43F;&#x435; &#x434;&#x435; &#x412;&#x435;&#x433;&#x430;$b&#x424;.&#x41A;.$f15621635$g&#x424;&#x435;&#x43B;&#x438;&#x43A;&#x441; &#x41A;&#x430;&#x440;&#x43F;&#x438;&#x43E;</subfield>
    <subfield code="t">&#x423;&#x447;&#x438;&#x442;&#x435;&#x43B;&#x44C; &#x442;&#x430;&#x43D;&#x446;&#x435;&#x432;]</subfield>
    <subfield code="a">&#x41B;&#x43E;&#x43F;&#x435; &#x434;&#x435; &#x412;&#x435;&#x433;&#x430;, &#x424;&#x435;&#x43B;&#x438;&#x43A;&#x441; &#x41A;&#x430;&#x440;&#x43F;&#x438;&#x43E; (15621635)</subfield>
  </datafield>
  <datafield tag="423" ind1=" " ind2="0">
    <subfield code="1">1011#$arus$cfre</subfield>
    <subfield code="1">2001#$a&#x420;&#x44E;&#x438; &#x411;&#x43B;&#x430;&#x437;</subfield>
    <subfield code="1">700#1$a&#x413;&#x44E;&#x433;&#x43E;$b&#x412;.$f1802-1885$g&#x412;&#x438;&#x43A;&#x442;&#x43E;&#x440;</subfield>
    <subfield code="t">&#x420;&#x44E;&#x438; &#x411;&#x43B;&#x430;&#x437;</subfield>
    <subfield code="a">&#x413;&#x44E;&#x433;&#x43E;, &#x412;&#x438;&#x43A;&#x442;&#x43E;&#x440; (1802-1885)</subfield>
  </datafield>
  <datafield tag="423" ind1=" " ind2="0">
    <subfield code="1">1011#$arus$cspa</subfield>
    <subfield code="1">2001#$a&#x414;&#x430;&#x43C;&#x430;-&#x43D;&#x435;&#x432;&#x438;&#x434;&#x438;&#x43C;&#x43A;&#x430;</subfield>
    <subfield code="1">700#1$a&#x41A;&#x430;&#x43B;&#x44C;&#x434;&#x435;&#x440;&#x43E;&#x43D; &#x434;&#x435; &#x43B;&#x430; &#x411;&#x430;&#x440;&#x43A;&#x430;$b&#x41F;.$f1600-1681$g&#x41F;&#x435;&#x434;&#x440;&#x43E;</subfield>
    <subfield code="t">&#x414;&#x430;&#x43C;&#x430;-&#x43D;&#x435;&#x432;&#x438;&#x434;&#x438;&#x43C;&#x43A;&#x430;</subfield>
    <subfield code="a">&#x41A;&#x430;&#x43B;&#x44C;&#x434;&#x435;&#x440;&#x43E;&#x43D; &#x434;&#x435; &#x43B;&#x430; &#x411;&#x430;&#x440;&#x43A;&#x430;, &#x41F;&#x435;&#x434;&#x440;&#x43E; (1600-1681)</subfield>
  </datafield>
  <datafield tag="461" ind1=" " ind2="0">
    <subfield code="1">001rc\4834990</subfield>
    <subfield code="1">2001#$a&#x418;&#x437;&#x431;&#x440;&#x430;&#x43D;&#x43D;&#x44B;&#x435; &#x43F;&#x435;&#x440;&#x435;&#x432;&#x43E;&#x434;&#x44B;$f[&#x421;&#x43E;&#x441;&#x442;., &#x432;&#x44B;&#x441;&#x442;&#x443;&#x43F;. &#x441;&#x442;&#x430;&#x442;&#x44C;&#x44F; &#x438; &#x43F;&#x440;&#x438;&#x43C;&#x435;&#x447;. &#x421;.&#x421;. &#x41C;&#x43E;&#x43A;&#x443;&#x43B;&#x44C;&#x441;&#x43A;&#x43E;&#x433;&#x43E;. &#x412; 2 &#x442;.]. &#x422;.1-2$v&#x422;. 2</subfield>
    <subfield code="1">700#1$a&#x429;&#x435;&#x43F;&#x43A;&#x438;&#x43D;&#x430;-&#x41A;&#x443;&#x43F;&#x435;&#x440;&#x43D;&#x438;&#x43A;$b&#x422;.&#x41B;.$f1874-1952$g&#x422;&#x430;&#x442;&#x44C;&#x44F;&#x43D;&#x430; &#x41B;&#x44C;&#x432;&#x43E;&#x432;&#x43D;&#x430;</subfield>
    <subfield code="9">8136880</subfield>
    <subfield code="a">&#x429;&#x435;&#x43F;&#x43A;&#x438;&#x43D;&#x430;-&#x41A;&#x443;&#x43F;&#x435;&#x440;&#x43D;&#x438;&#x43A;, &#x422;.&#x41B;. (1874-1952)</subfield>
    <subfield code="c">[&#x41C;&#x43E;&#x441;&#x43A;&#x432;&#x430;</subfield>
    <subfield code="d">1957-1958]</subfield>
    <subfield code="f">[&#x421;&#x43E;&#x441;&#x442;., &#x432;&#x44B;&#x441;&#x442;&#x443;&#x43F;. &#x441;&#x442;&#x430;&#x442;&#x44C;&#x44F; &#x438; &#x43F;&#x440;&#x438;&#x43C;&#x435;&#x447;. &#x421;.&#x421;. &#x41C;&#x43E;&#x43A;&#x443;&#x43B;&#x44C;&#x441;&#x43A;&#x43E;&#x433;&#x43E;. &#x412; 2 &#x442;.]. &#x422;.1-2</subfield>
    <subfield code="n">&#x413;&#x43E;&#x441;&#x43B;&#x438;&#x442;&#x438;&#x437;&#x434;&#x430;&#x442;</subfield>
    <subfield code="p">2 &#x442;.</subfield>
    <subfield code="t">&#x418;&#x437;&#x431;&#x440;&#x430;&#x43D;&#x43D;&#x44B;&#x435; &#x43F;&#x435;&#x440;&#x435;&#x432;&#x43E;&#x434;&#x44B;</subfield>
    <subfield code="v">&#x422;. 2</subfield>
  </datafield>
  <datafield tag="700" ind1=" " ind2="1">
    <subfield code="a">&#x428;&#x435;&#x43A;&#x441;&#x43F;&#x438;&#x440;</subfield>
    <subfield code="b">&#x412;.</subfield>
    <subfield code="f">1564-1616</subfield>
    <subfield code="g">&#x412;&#x438;&#x43B;&#x44C;&#x44F;&#x43C;</subfield>
  </datafield>
  <datafield tag="801" ind1=" " ind2="0">
    <subfield code="a">RU</subfield>
    <subfield code="b">NLR</subfield>
    <subfield code="g">psbo</subfield>
  </datafield>
  <datafield tag="801" ind1=" " ind2="1">
    <subfield code="a">RU</subfield>
    <subfield code="b">ELAR</subfield>
    <subfield code="2">rusmarc</subfield>
  </datafield>
  <datafield tag="852" ind1=" " ind2=" ">
    <subfield code="a">NLR</subfield>
    <subfield code="j">58-5/186</subfield>
  </datafield>
  <datafield tag="942" ind1=" " ind2=" ">
    <subfield code="c">BOOK</subfield>
  </datafield>
  <datafield tag="980" ind1=" " ind2=" ">
    <subfield code="a">NB</subfield>
  </datafield>
  <datafield tag="995" ind1=" " ind2=" ">
    <subfield code="5">2013-10-26</subfield>
    <subfield code="b">NLR01</subfield>
    <subfield code="c">NLR01</subfield>
    <subfield code="e">RF31</subfield>
    <subfield code="f">1-1677475</subfield>
    <subfield code="k">58-5/186</subfield>
    <subfield code="o">0</subfield>
    <subfield code="r">BOOK</subfield>
    <subfield code="s">585186_</subfield>
  </datafield>
</record>
